Նարեկաղօթերգութիւն ։ (Record no. 77227)
[ view plain ]
| 000 -LEADER | |
|---|---|
| fixed length control field | 00865nam a22002057a 4500 |
| 003 - CONTROL NUMBER IDENTIFIER | |
| control field | SEM |
| 005 - DATE AND TIME OF LATEST TRANSACTION | |
| control field | 20260409133316.0 |
| 008 - FIXED-LENGTH DATA ELEMENTS--GENERAL INFORMATION | |
| fixed length control field | 260402s1998 ai ||||gr||||||01|||arm|d |
| 040 ## - CATALOGING SOURCE | |
| Original cataloging agency | SEM |
| Transcribing agency | SEM |
| 041 ## - LANGUAGE CODE | |
| Language code of text/sound track or separate title | arm |
| 082 ## - DEWEY DECIMAL CLASSIFICATION NUMBER | |
| Classification number | 264.23:281.62/Հ-17 |
| 100 ## - MAIN ENTRY--PERSONAL NAME | |
| Personal name | Յակոբոս, Երուսաղէմացի |
| Fuller form of name | [Հակոբոս, Երուսաղեմացի] |
| 245 ## - TITLE STATEMENT | |
| Title | Նարեկաղօթերգութիւն ։ |
| Remainder of title | Շար Ա քառաձայն երգչախումբի ու երգեհոնի համար / |
| Statement of responsibility, etc. | Յակոբոս Երուսաղէմացի |
| 246 ## - VARYING FORM OF TITLE | |
| Title proper/short title | [Նարեկաղոթերգություն ։ |
| Remainder of title | Շար Ա քառաձայն երգչախմբի ու երգեհոնի համար] / |
| 260 ## - PUBLICATION, DISTRIBUTION, ETC. | |
| Place of publication, distribution, etc. | Երևան ։ |
| Name of publisher, distributor, etc. | Ա․ հ․, |
| Date of publication, distribution, etc. | 1998․ |
| 300 ## - PHYSICAL DESCRIPTION | |
| Extent | 53 էջ ; |
| Dimensions | 29 սմ |
| 650 ## - SUBJECT ADDED ENTRY--TOPICAL TERM | |
| Topical term or geographic name entry element | Շարական |
| General subdivision | Հայ եկեղեցի |
| -- | նոտա |
| 653 ## - INDEX TERM--UNCONTROLLED | |
| Uncontrolled term | ՍԷՄ |
| 942 ## - ADDED ENTRY ELEMENTS (KOHA) | |
| Source of classification or shelving scheme | Dewey Decimal Classification |
| Koha item type | Նոտաներ/Music scores |
| Suppress in OPAC | No |
| Withdrawn status | Lost status | Source of classification or shelving scheme | Damaged status | Not for loan | Collection code | Home library | Current library | Date acquired | Cost, normal purchase price | Inventory number | Total Checkouts | Full call number | Barcode | Date last seen | Price effective from | Koha item type | Public note |
|---|---|---|---|---|---|---|---|---|---|---|---|---|---|---|---|---|---|
| Dewey Decimal Classification | Գրապահոց | Մայր Աթոռ Սուրբ Էջմիածին «Վաչե և Թամար Մանուկյան» Մատենադարան | Մայր Աթոռ Սուրբ Էջմիածին «Վաչե և Թամար Մանուկյան» Մատենադարան | 02/04/2026 | 1000.00 | 37284 | 264․23։281․62/Հ-17 | 37284 | 02/04/2026 | 02/04/2026 | Նոտաներ/Music scores | Սպասարկվում է ընթերցասրահ |